[Event "Moscow Open B 2014"]
[Site "Moscow RUS"]
[Date "2014.02.01"]
[Round "1.1"]
[White "Barchuk, Irina"]
[Black "Bodnaruk, Anastasia"]
[Result "0-1"]
[BlackTitle "IM"]
[WhiteElo "1977"]
[BlackElo "2452"]
[WhiteFideId "14119005"]
[BlackFideId "4181751"]
[EventDate "2014.02.01"]

1. e4 c5 2. Nf3 d6 3. d4 cxd4 4. Nxd4 Nf6 5. Nc3 a6 6. Be3 e5 7. Nb3 Be7 8. Qd2
O-O 9. O-O-O Be6 10. f4 b5 11. h3 Nbd7 12. g4 Rc8 13. f5 Bxb3 14. axb3 Nc5 15.
Qg2 b4 16. Bxc5 bxc3 17. Ba3 d5 18. Bxe7 Qxe7 19. exd5 Qb4 20. g5 Ne4 21. Bd3
cxb2+ 22. Kxb2 Qc3+ 23. Kb1 Rc5 24. Bb5 axb5 25. Rd3 Qb4 26. d6 Nc3+ 27. Kc1 e4
28. Rxc3 Qxc3 29. Qxe4 Re5 30. Qg2 Rfe8 0-1

[Event "Moscow Open B 2014"]
[Site "Moscow RUS"]
[Date "2014.02.01"]
[Round "1.2"]
[White "Atalik, Ekaterina"]
[Black "Mokshanova, Elizaveta"]
[Result "1-0"]
[WhiteTitle "IM"]
[WhiteElo "2439"]
[BlackElo "1973"]
[WhiteFideId "4130189"]
[BlackFideId "24160679"]
[EventDate "2014.02.01"]

1. d4 Nf6 2. c4 g6 3. Nc3 Bg7 4. e4 d6 5. Nf3 O-O 6. Be2 Nc6 7. d5 Ne5 8. Nxe5
dxe5 9. Be3 e6 10. Qc2 exd5 11. cxd5 a6 12. O-O Ne8 13. Rac1 f5 14. f3 f4 15.
Bf2 h5 16. Na4 b6 17. Rfd1 Rb8 18. d6 c5 19. Qb3+ Kh8 20. Nxc5 Nxd6 21. Ne6 Bxe6
22. Qxe6 Rf6 23. Qxe5 Qf8 24. Qd5 Nf7 25. Qb3 b5 26. Rc7 Rd8 27. Rxd8 Nxd8 28.
Bh4 Rc6 29. Be7 Rxc7 30. Bxf8 Bxf8 31. g3 g5 32. Qd5 Nf7 33. e5 Re7 34. e6 Nh6
35. gxf4 gxf4 36. Bd3 Bg7 37. Qd8+ Ng8 38. Bg6 Bf6 39. Bf7 Rxf7 40. exf7 1-0

[Event "Moscow Open B 2014"]
[Site "Moscow RUS"]
[Date "2014.02.01"]
[Round "1.3"]
[White "Pavlova, Nataliy"]
[Black "Girya, Olga"]
[Result "0-1"]
[BlackTitle "WGM"]
[WhiteElo "1972"]
[BlackElo "2438"]
[WhiteFideId "24135615"]
[BlackFideId "4195752"]
[EventDate "2014.02.01"]

1. e4 c5 2. Nf3 e6 3. c3 Nf6 4. e5 Nd5 5. d4 cxd4 6. cxd4 d6 7. Nc3 Nxc3 8. bxc3
Qc7 9. Bb5+ Bd7 10. Qd3 a6 11. Bxd7+ Nxd7 12. exd6 Bxd6 13. c4 O-O 14. O-O Rfc8
15. c5 Bf8 16. Bd2 b6 17. cxb6 Qxb6 18. Rab1 Qd6 19. Rfc1 g6 20. Qe3 Bg7 21. Qf4
Qd5 22. a3 h6 23. Bb4 Rab8 24. Qd6 Qb5 25. Be1 Bf8 26. Rxb5 Bxd6 27. Rxb8 Rxb8
28. Rc6 Rb6 29. Rxb6 Nxb6 30. Ba5 Nc4 31. Bb4 Bf8 32. Kf1 Nxa3 33. Bxa3 Bxa3 34.
Ke2 Kf8 35. Kd3 Ke7 36. Kc4 Bd6 37. h3 Kd7 38. Nd2 Kc6 39. Ne4 a5 40. Nc3 Bb4
41. Na4 Kd6 42. Nb6 e5 43. d5 Bc5 44. Nc8+ Kd7 45. Kxc5 Kxc8 46. Kb5 Kd7 47.
Kxa5 Kd6 0-1

[Event "Moscow Open B 2014"]
[Site "Moscow RUS"]
[Date "2014.02.01"]
[Round "1.4"]
[White "Kashlinskaya, Alina"]
[Black "Shnayder, Violetta"]
[Result "1-0"]
[WhiteTitle "WGM"]
[WhiteElo "2433"]
[BlackElo "1971"]
[WhiteFideId "4198026"]
[BlackFideId "4106750"]
[EventDate "2014.02.01"]

1. d4 Nf6 2. c4 g6 3. Nc3 Bg7 4. e4 d6 5. Nf3 O-O 6. h3 e5 7. d5 Nbd7 8. Be3 Nc5
9. Nd2 a5 10. Be2 Ne8 11. g4 f5 12. gxf5 gxf5 13. Rg1 f4 14. Bxc5 dxc5 15. Bg4
Nd6 16. Bxc8 Qxc8 17. Qh5 Qe8 18. Qxe8 Raxe8 19. Ke2 Kf7 20. a3 Bh6 21. Kd3 Rg8
22. Nf3 Kf6 23. b3 Rd8 24. Na4 b6 25. b4 Rxg1 26. Rxg1 axb4 27. axb4 Ra8 28.
bxc5 Rxa4 29. cxd6 cxd6 30. Rg8 Ra3+ 31. Ke2 Ra2+ 32. Kf1 Rc2 33. Rd8 Ke7 34.
Rc8 Kd7 35. Rh8 Rxc4 36. Rxh7+ Kd8 37. Rxh6 Rxe4 38. Rxd6+ Kc7 39. Rc6+ Kb7 40.
Rc1 1-0

[Event "Moscow Open B 2014"]
[Site "Moscow RUS"]
[Date "2014.02.01"]
[Round "1.5"]
[White "Sakorenko, Adriana"]
[Black "Batsiashvili, Nino"]
[Result "0-1"]
[BlackTitle "IM"]
[WhiteElo "1970"]
[BlackElo "2428"]
[WhiteFideId "34130249"]
[BlackFideId "13602993"]
[EventDate "2014.02.01"]

1. e4 c6 2. d4 d5 3. exd5 cxd5 4. c4 Nf6 5. Nc3 Nc6 6. Bg5 Be6 7. Qb3 dxc4 8.
Bxc4 Bxc4 9. Qxc4 Qxd4 10. Qxd4 Nxd4 11. O-O-O Ne6 12. Bxf6 exf6 13. Nge2 Bc5
14. Ne4 O-O 15. Nxc5 Nxc5 16. Nc3 Rfd8 17. Kc2 Kf8 18. Rhe1 Rac8 19. f3 g6 20.
Rxd8+ Rxd8 21. Rd1 Rxd1 22. Kxd1 Ke7 23. Ke2 a6 24. Ke3 Kd6 25. b4 Ne6 26. Ne4+
Ke5 27. g3 f5 28. Nf2 Kd5 29. Kd3 f4 30. Ne4 h5 31. Nf6+ Ke5 32. Nd7+ Kf5 33.
Nb6 fxg3 34. hxg3 g5 35. Nc4 Nd8 36. Ne3+ Ke5 37. Nc4+ Ke6 38. Ke4 Nc6 39. a3 f6
40. Nd2 f5+ 41. Ke3 Kd5 42. Kd3 Ne5+ 43. Ke3 Nc4+ 44. Nxc4 Kxc4 45. f4 g4 46. a4
b6 47. a5 b5 0-1

[Event "Moscow Open B 2014"]
[Site "Moscow RUS"]
[Date "2014.02.02"]
[Round "2.1"]
[White "Bodnaruk, Anastasia"]
[Black "Krasenkova, Ilena"]
[Result "1-0"]
[WhiteTitle "IM"]
[BlackTitle "WIM"]
[WhiteElo "2452"]
[BlackElo "2125"]
[WhiteFideId "4181751"]
[BlackFideId "4119037"]
[EventDate "2014.02.01"]

1. e4 d5 2. exd5 Qxd5 3. Nc3 Qd6 4. d4 Nf6 5. Nf3 a6 6. g3 Bg4 7. Bg2 Nc6 8. O-O
O-O-O 9. h3 Bh5 10. Be3 e5 11. dxe5 Nxe5 12. Qe2 Nxf3+ 13. Bxf3 Bxf3 14. Qxf3
Qe6 15. Kg2 Bb4 16. Ne2 Qe4 17. c3 Bd6 18. Bd4 Qxf3+ 19. Kxf3 Be7 20. Nf4 c5 21.
Be5 Rd2 22. c4 Rhd8 23. Bc3 Rc2 24. Ng2 Rd3+ 25. Ne3 Nd7 26. Ke4 Rcxc3 27. bxc3
Rxc3 28. Rac1 Nf6+ 29. Kf3 Ra3 30. Rc2 Bd6 31. Rb1 Be5 32. Rb3 Ra4 33. Nf5 g6
34. Nh6 Kc7 35. Nxf7 Bd4 36. Ng5 Kc6 37. Ne6 b6 38. Rd3 Be5 39. Re2 Nd7 40. Rxd7
Kxd7 41. Rxe5 Rxc4 42. Nf8+ Kc6 43. Re6+ Kc7 44. Re7+ Kd6 45. Rxh7 Rc2 46. Nxg6
Rxa2 47. Nf4 c4 48. Rh6+ Kc5 49. Rh8 Rd2 50. h4 b5 51. h5 c3 52. h6 Kb4 53. Rc8
Rd7 54. g4 Kb3 55. g5 c2 56. g6 Rd8 57. Rc5 Kb2 58. g7 b4 59. h7 b3 60. h8=Q 1-0

[Event "Moscow Open B 2014"]
[Site "Moscow RUS"]
[Date "2014.02.02"]
[Round "2.2"]
[White "Tokhirjonova, Gulrukhbegim"]
[Black "Atalik, Ekaterina"]
[Result "0-1"]
[WhiteTitle "WFM"]
[BlackTitle "IM"]
[WhiteElo "2124"]
[BlackElo "2439"]
[WhiteFideId "14203626"]
[BlackFideId "4130189"]
[EventDate "2014.02.01"]

1. e4 e6 2. d4 d5 3. e5 c5 4. c3 Nc6 5. Nf3 Qb6 6. a3 Nh6 7. b4 cxd4 8. cxd4 Nf5
9. Be3 Bd7 10. Bd3 Rc8 11. Bxf5 exf5 12. O-O Be7 13. Nbd2 a5 14. bxa5 Nxa5 15.
Qb1 Qxb1 16. Rfxb1 O-O 17. Bg5 Bxg5 18. Nxg5 h6 19. Ngf3 Rc3 20. h4 Rfc8 21. Ne1
g5 22. hxg5 hxg5 23. Kf1 f4 24. Rb2 g4 25. Ke2 Nc6 26. Rxb7 Nxd4+ 27. Kf1 Bb5+
28. Rxb5 Nxb5 29. a4 Nd4 30. f3 g3 31. a5 Rc1 0-1

[Event "Moscow Open B 2014"]
[Site "Moscow RUS"]
[Date "2014.02.02"]
[Round "2.3"]
[White "Girya, Olga"]
[Black "Chernyshova, Natalia"]
[Result "1-0"]
[WhiteTitle "WGM"]
[WhiteElo "2438"]
[BlackElo "2119"]
[WhiteFideId "4195752"]
[BlackFideId "24143219"]
[EventDate "2014.02.01"]

1. d4 e6 2. c4 b6 3. a3 Bb7 4. d5 f5 5. g3 a5 6. Bg2 Na6 7. Nf3 Be7 8. O-O Bf6
9. Nd4 Nc5 10. Nb5 exd5 11. cxd5 d6 12. N1c3 Ne7 13. Rb1 a4 14. Be3 Qd7 15. Bd4
O-O 16. f4 Ba6 17. Bxf6 Rxf6 18. Nd4 Re8 19. Re1 Ng6 20. Qc2 Nf8 21. Rbd1 Re3
22. Qd2 Re8 23. e4 fxe4 24. Nxe4 Rf7 25. Nc6 h6 26. Nxc5 Rxe1+ 27. Rxe1 bxc5 28.
Qa5 Bd3 29. Qxa4 Qg4 30. Qd1 Qxd1 31. Rxd1 Bb5 32. Re1 g5 33. fxg5 hxg5 34. Re4
Nh7 35. a4 Bd3 36. Re3 Ba6 37. Re8+ Kg7 38. Nd8 Nf6 39. Nxf7 Nxe8 40. Nxg5 Kf6
41. h4 Ke5 42. Ne4 Ng7 43. Nc3 1-0

[Event "Moscow Open B 2014"]
[Site "Moscow RUS"]
[Date "2014.02.02"]
[Round "2.4"]
[White "Bezgodova, Svetlana"]
[Black "Kashlinskaya, Alina"]
[Result "0-1"]
[WhiteTitle "WIM"]
[BlackTitle "WGM"]
[WhiteElo "2117"]
[BlackElo "2433"]
[WhiteFideId "4110650"]
[BlackFideId "4198026"]
[EventDate "2014.02.01"]

1. Nf3 d5 2. c3 Nf6 3. d3 g6 4. Nbd2 Bg7 5. e4 O-O 6. Be2 c5 7. O-O Nc6 8. Re1
Qc7 9. Bf1 e5 10. a3 d4 11. cxd4 cxd4 12. b4 a6 13. Nb3 Qe7 14. Bd2 b6 15. Qb1
Bg4 16. Be2 Rfc8 17. Rc1 Bd7 18. Qb2 Ne8 19. Rc2 f5 20. Rac1 Nd6 21. Qa2 Kh8 22.
exf5 gxf5 23. a4 e4 24. Rxc6 Bxc6 25. Nfxd4 Bd5 26. Qb1 Rxc1+ 27. Qxc1 Rc8 28.
Qd1 Qd7 29. dxe4 Nxe4 30. Bxa6 Bxb3 31. Bxc8 Qxd4 32. Qe1 Qxd2 0-1

[Event "Moscow Open B 2014"]
[Site "Moscow RUS"]
[Date "2014.02.02"]
[Round "2.5"]
[White "Batsiashvili, Nino"]
[Black "Ainutdinova, Yekaterina"]
[Result "1-0"]
[WhiteTitle "IM"]
[BlackTitle "WFM"]
[WhiteElo "2428"]
[BlackElo "2105"]
[WhiteFideId "13602993"]
[BlackFideId "13705563"]
[EventDate "2014.02.01"]

1. d4 Nf6 2. c4 g6 3. Nc3 d5 4. cxd5 Nxd5 5. e4 Nxc3 6. bxc3 Bg7 7. Be3 c5 8.
Rc1 Qa5 9. Qd2 O-O 10. Nf3 Rd8 11. d5 e6 12. Bg5 f6 13. Be3 exd5 14. exd5 Nc6
15. Bd3 c4 16. Bxc4 Be6 17. Rd1 Ne7 18. dxe6 Rxd2 19. Rxd2 Qxc3 20. Bb3 Qc1+ 21.
Rd1 Qc3+ 22. Ke2 Qa5 23. Rd3 Qb5 24. Rd1 Rd8 25. a4 Qa6 26. Nd4 Qa5 27. Nf5 Rxd3
28. Nxe7+ Kf8 29. Rxd3 Kxe7 30. Rd7+ Kf8 31. Rf7+ Ke8 32. Rxg7 Qa6+ 33. Kd2 Qd6+
34. Kc2 Qe5 35. Rd7 f5 36. g3 Qe4+ 37. Kb2 Qe5+ 38. Ka2 f4 39. Bxf4 1-0

[Event "Moscow Open B 2014"]
[Site "Moscow RUS"]
[Date "2014.02.03"]
[Round "3.1"]
[White "Drozdova, Dina"]
[Black "Bodnaruk, Anastasia"]
[Result "1/2-1/2"]
[WhiteTitle "WIM"]
[BlackTitle "IM"]
[WhiteElo "2241"]
[BlackElo "2452"]
[WhiteFideId "4170695"]
[BlackFideId "4181751"]
[EventDate "2014.02.01"]

1. d4 Nf6 2. c4 g6 3. Nc3 Bg7 4. e4 d6 5. f3 O-O 6. Be3 c5 7. dxc5 dxc5 8. Qxd8
Rxd8 9. Bxc5 Nc6 10. Nge2 b6 11. Ba3 a5 12. Rd1 Bb7 13. Nc1 Nb4 14. Kf2 Rxd1 15.
Nxd1 Nd7 16. Nd3 Nc5 17. Bxb4 Nxd3+ 18. Bxd3 axb4 19. Bb1 Ba6 20. Bd3 Bc8 21.
Bb1 b5 22. c5 Bd4+ 23. Ke2 b3 24. axb3 Be6 25. Nc3 b4 26. Nd5 Bxd5 27. exd5 Bxc5
28. Rc1 Bd6 29. h3 Kg7 30. Ke3 Ra1 31. f4 h5 32. Kf3 h4 33. Rd1 f5 34. Rc1 Kf6
35. Re1 Kg7 36. Rc1 Kf6 37. Re1 Ra5 38. Rd1 Rc5 39. Ke3 Ra5 40. Kf3 Rc5 41. Ke3
Ra5 42. Kf3 Rc5 43. Ke3 1/2-1/2

[Event "Moscow Open B 2014"]
[Site "Moscow RUS"]
[Date "2014.02.03"]
[Round "3.2"]
[White "Atalik, Ekaterina"]
[Black "Bivol, Alina"]
[Result "1/2-1/2"]
[WhiteTitle "IM"]
[BlackTitle "WIM"]
[WhiteElo "2439"]
[BlackElo "2238"]
[WhiteFideId "4130189"]
[BlackFideId "4100123"]
[EventDate "2014.02.01"]

1. d4 d5 2. c4 e6 3. Nc3 c6 4. e3 Bd6 5. Nf3 f5 6. Bd3 Nf6 7. O-O O-O 8. b3 Ne4
9. Bb2 Bd7 10. Ne2 Be8 11. Ne5 Nd7 12. Nf4 Qe7 13. Be2 Rd8 14. Qc2 Bb8 15. Rad1
Rf6 16. f3 Ng5 17. Bd3 Nf7 18. cxd5 exd5 19. Bxf5 Nfxe5 20. dxe5 Bxe5 21. Bxh7+
Kh8 22. Bxe5 Nxe5 23. Bd3 Nc4 24. Nxd5 cxd5 25. bxc4 Qxe3+ 26. Qf2 Qxf2+ 27.
Kxf2 Ba4 28. Rb1 dxc4 29. Bxc4 Rc6 30. Rb4 b5 31. Bxb5 Bxb5 32. Rxb5 Rc2+ 33.
Kg1 Rxa2 34. Re1 a5 35. h4 a4 36. Re7 Ra1+ 37. Kh2 Rd4 38. h5 a3 39. Ra7 a2 40.
Rba5 Rh4+ 41. Kg3 Rah1 42. Rxa2 Rxh5 43. Rb2 Rg5+ 44. Kf4 Rg6 45. g4 Rf6+ 46.
Kg5 Kh7 47. Rbb7 Rg6+ 48. Kf4 Rc1 49. Rf7 Rc4+ 50. Kg3 Rc3 51. Rf8 Rgc6 52. g5
Kg6 53. Kg4 Rc1 54. f4 Rg1+ 55. Kf3 Rc3+ 56. Ke4 Re1+ 57. Kd4 Rf3 58. Rff7 Kh5
59. g6 Ref1 60. Ke5 Re1+ 61. Kf5 Ref1 62. Ra4 Rg3 63. Rxg7 Rg5+ 64. Ke4 Rxg6 65.
Rxg6 Kxg6 66. Ra6+ Kf7 67. Kf5 Rb1 68. Ra7+ Kf8 69. Kg5 Rb5+ 70. f5 Rb6 71. f6
Rb1 72. Ra8+ Kf7 73. Ra7+ Kf8 74. Ra8+ Kf7 75. Ra7+ 1/2-1/2

[Event "Moscow Open B 2014"]
[Site "Moscow RUS"]
[Date "2014.02.03"]
[Round "3.3"]
[White "Grigoryeva, Olga A."]
[Black "Girya, Olga"]
[Result "0-1"]
[WhiteTitle "WFM"]
[BlackTitle "WGM"]
[WhiteElo "2186"]
[BlackElo "2438"]
[WhiteFideId "24132594"]
[BlackFideId "4195752"]
[EventDate "2014.02.01"]

1. d4 d5 2. c4 c6 3. Nf3 Nf6 4. Nc3 dxc4 5. a4 Bf5 6. Ne5 Nbd7 7. Nxc4 Nb6 8. e3
Nxc4 9. Bxc4 e6 10. O-O Bb4 11. f3 h6 12. e4 Bg6 13. Be3 O-O 14. Qb3 Ba5 15.
Qxb7 Rb8 16. Qxc6 Rb6 17. Qc5 Bb4 18. Qe5 Bd6 19. Qa5 Qb8 20. Nd1 Bb4 21. Qe5
Bd6 22. Qa5 Bxh2+ 23. Kh1 Bc7 24. Qd2 Nh5 25. Re1 Qd8 26. e5 Ng3+ 27. Kg1 Nf5
28. Bf2 Qb8 29. b3 Rd8 30. Nc3 Rc6 31. Bb5 Nxd4 32. Qb2 Rxc3 33. Qxc3 Bxe5 34.
Qe3 Bh2+ 35. Kh1 Bf4 36. Qc3 Nc2 37. Rad1 Nxe1 38. Rxd8+ Qxd8 39. Qxe1 a5 40. g3
Bd2 41. Qe5 Bg5 42. Qd4 Qxd4 43. Bxd4 Bd2 44. Bc5 e5 45. Kg2 Bc2 46. Bc4 g6 47.
Kf2 Kg7 48. Ke2 Bc3 49. Be3 h5 50. Bd5 Bf5 51. Bb7 Be6 52. Kd3 Bb4 53. Kc2 Kf6
54. Bb6 Ke7 55. Bc7 f6 56. Ba6 g5 57. Bb6 h4 58. gxh4 gxh4 59. Bf2 h3 60. Bg3
Bc5 61. Bb7 Bd6 62. Kd2 Bxb3 63. Bc6 Ke6 64. Ke2 Bc4+ 65. Kf2 Bc5+ 66. Ke1 Bd5
67. Bxd5+ Kxd5 68. Kf1 Kc4 69. Be1 Bb6 70. Bd2 Kb3 71. Bh6 f5 0-1

[Event "Moscow Open B 2014"]
[Site "Moscow RUS"]
[Date "2014.02.03"]
[Round "3.4"]
[White "Kashlinskaya, Alina"]
[Black "Matveeva, Olga"]
[Result "1-0"]
[WhiteTitle "WGM"]
[BlackTitle "WIM"]
[WhiteElo "2433"]
[BlackElo "2230"]
[WhiteFideId "4198026"]
[BlackFideId "24107018"]
[EventDate "2014.02.01"]

1. d4 d5 2. c4 e6 3. Nc3 Nf6 4. cxd5 Nxd5 5. e4 Nxc3 6. bxc3 Be7 7. Nf3 O-O 8.
Bd3 c5 9. O-O b6 10. Qe2 Bb7 11. Rd1 cxd4 12. cxd4 Nd7 13. Bb2 Nf6 14. d5 exd5
15. e5 Nd7 16. Nd4 Nc5 17. Qg4 Nxd3 18. Nf5 g6 19. Rxd3 h5 20. Qd4 Rc8 21. e6 f6
22. Rg3 Kh7 23. Qf4 g5 24. Qf3 Qe8 25. Nxe7 1-0

[Event "Moscow Open B 2014"]
[Site "Moscow RUS"]
[Date "2014.02.03"]
[Round "3.5"]
[White "Dogodkina, Julia"]
[Black "Batsiashvili, Nino"]
[Result "1-0"]
[BlackTitle "IM"]
[WhiteElo "2176"]
[BlackElo "2428"]
[WhiteFideId "24143375"]
[BlackFideId "13602993"]
[EventDate "2014.02.01"]

1. e4 c6 2. d4 d5 3. Nc3 dxe4 4. Nxe4 Bf5 5. Ng3 Bg6 6. Nh3 Nf6 7. Bc4 e6 8. Nf4
Bd6 9. Nxg6 hxg6 10. c3 Nbd7 11. Qf3 Qc7 12. Bg5 Qa5 13. h4 Rc8 14. O-O-O b5 15.
Bb3 b4 16. c4 c5 17. Ne4 Nxe4 18. Qxe4 cxd4 19. Qxd4 Rc6 20. f4 O-O 21. h5 Rfc8
22. hxg6 fxg6 23. g4 Nf8 24. Kb1 Qc7 25. Qe3 Rc5 26. Qh3 Qc6 27. Qd3 Bb8 28. Be7
Bxf4 29. Bxf8 Rxf8 30. Qxg6 Re5 31. Bc2 Rg5 32. Rh8+ 1-0

[Event "Moscow Open B 2014"]
[Site "Moscow RUS"]
[Date "2014.02.04"]
[Round "4.1"]
[White "Girya, Olga"]
[Black "Pustovoitova, Daria"]
[Result "1-0"]
[WhiteTitle "WGM"]
[BlackTitle "FM"]
[WhiteElo "2438"]
[BlackElo "2288"]
[WhiteFideId "4195752"]
[BlackFideId "4182146"]
[EventDate "2014.02.01"]

1. d4 Nf6 2. c4 g6 3. Nc3 d5 4. cxd5 Nxd5 5. Bd2 Bg7 6. e4 Nb6 7. Be3 O-O 8. Bb5
a6 9. Be2 Nc6 10. d5 Ne5 11. Qb3 Ng4 12. Bxg4 Bxg4 13. h3 Bc8 14. Nf3 e6 15. O-O
exd5 16. Rad1 d4 17. Bxd4 Bxd4 18. Nxd4 Qe7 19. Nd5 Nxd5 20. exd5 Rd8 21. Rfe1
Qf6 22. Re3 b6 23. Nc6 Rd7 24. Re8+ Kg7 25. Qa3 Rd6 26. Ne5 b5 27. Rd3 h5 28.
Rf3 Bf5 29. Rxa8 Qxe5 30. Re3 Qxd5 31. Qc3+ Qd4 32. Qxc7 Rd7 33. Qc8 Kh7 34.
Qg8+ Kh6 35. Qf8+ Kh7 36. Ree8 Qxb2 37. Qg8+ Kh6 38. Qh8+ Qxh8 39. Rxh8+ Kg5 40.
Rxa6 Rd1+ 41. Kh2 Rd2 42. Kg3 Be6 43. h4+ Kf6 44. Rb8 Kg7 45. a3 Bc4 46. Ra7
Rd3+ 47. f3 Rd2 48. Rbb7 Ra2 49. Rc7 Be6 50. Rc6 Re2 51. Kf4 Ba2 52. Rc5 Rb2 53.
Rb7 Rxg2 54. Rcxb5 Rg1 55. a4 Ra1 56. a5 Bc4 57. Rc5 Ra4 58. Kg3 Be6 59. Rb6 Bc4
60. Rd6 Be2 61. Re5 Ra2 62. Kf4 Bf1 63. Rd4 Ra3 64. Rd2 Ra4+ 65. Kg3 Ra3 66. Rc5
Ba6 67. Rb2 Bd3 68. Rb4 Be2 69. Rf4 Bd3 70. Rc7 Bf5 71. Ra7 Be6 72. a6 Bd5 73.
Kf2 Ra2+ 74. Ke3 Ra3+ 75. Kd4 Ra5 76. Kc3 Be6 77. Kb4 Ra2 78. Kc5 g5 79. hxg5
Kg6 80. Ra8 Kxg5 81. Rd4 Rc2+ 82. Kd6 Ra2 83. Ke7 Ra3 84. Kd6 Ra2 85. Rb4 Kf6
86. Kc5 Kg7 87. Rd4 Kf6 88. Kb5 Rb2+ 89. Rb4 Ra2 90. Rd8 Ke7 91. Rh8 Bd5 92. Rf4
Ra3 93. Rxh5 Ke6 94. Rxd5 1-0

[Event "Moscow Open B 2014"]
[Site "Moscow RUS"]
[Date "2014.02.04"]
[Round "4.2"]
[White "Komiagina, Maria"]
[Black "Kashlinskaya, Alina"]
[Result "0-1"]
[WhiteTitle "WIM"]
[BlackTitle "WGM"]
[WhiteElo "2259"]
[BlackElo "2433"]
[WhiteFideId "4153987"]
[BlackFideId "4198026"]
[EventDate "2014.02.01"]

1. e4 c5 2. Nf3 Nc6 3. Bb5 g6 4. Bxc6 dxc6 5. d3 Bg7 6. h3 Nh6 7. O-O b6 8. Nc3
f6 9. Nh2 e5 10. Be3 O-O 11. Qd2 Nf7 12. a3 Be6 13. Rad1 Qd7 14. Kh1 Rae8 15. b4
cxb4 16. axb4 Qe7 17. Rb1 f5 18. f3 f4 19. Bf2 Rd8 20. Ne2 h5 21. Rfd1 Nh6 22.
d4 Bc4 23. c3 Rd7 24. Qe1 Nf7 25. dxe5 Nxe5 26. Rxd7 Qxd7 27. Bd4 c5 28. Bxe5
Bxe5 29. Rd1 Qb5 30. Nc1 Qa4 31. Nf1 cxb4 32. cxb4 Rc8 33. Nd3 Rd8 34. Qh4 Qxd1
35. Qxd8+ Kh7 36. Qe7+ Bg7 37. Nxf4 Qxf1+ 38. Kh2 Qa1 39. Nxg6 Kxg6 40. f4 Qf6
41. Qc7 Bd3 0-1

[Event "Moscow Open B 2014"]
[Site "Moscow RUS"]
[Date "2014.02.04"]
[Round "4.3"]
[White "Mammadzada, Gunay"]
[Black "Goryachkina, Aleksandra"]
[Result "1-0"]
[WhiteTitle "WFM"]
[BlackTitle "WGM"]
[WhiteElo "2080"]
[BlackElo "2428"]
[WhiteFideId "13403729"]
[BlackFideId "4147103"]
[EventDate "2014.02.01"]

1. e4 c5 2. Nf3 d6 3. d4 cxd4 4. Nxd4 Nf6 5. Nc3 a6 6. Be3 e6 7. g4 e5 8. Nf5 g6
9. g5 gxf5 10. exf5 d5 11. Qf3 e4 12. Qg2 Rg8 13. O-O-O Bxf5 14. Nxd5 Nxd5 15.
Bc4 Bc5 16. Bxd5 Bxe3+ 17. fxe3 Qe7 18. Qf2 Bg6 19. h4 Bh5 20. Qf5 Bxd1 21. Qc8+
Qd8 22. Qxb7 Bh5 23. Qxa8 Kf8 24. Qb7 Kg7 25. g6 Bxg6 26. h5 Bxh5 27. Rxh5 Kh8
28. Rh1 Qg5 29. Qb6 Nd7 30. Qd4+ Ne5 31. Bxe4 h6 32. Rf1 Rd8 33. Qc3 Kg8 34. b3
Ng4 35. Rf5 Qxe3+ 36. Qxe3 Nxe3 37. Rf6 Rd1+ 38. Kb2 Re1 39. Bd3 Kg7 40. Rxa6 h5
41. Kc3 Ng2 42. Ra4 Kh6 43. Ra7 Kg7 44. Bc4 h4 45. Rxf7+ Kg6 46. Rf1 h3 47. Rxe1
Nxe1 48. Bd5 Ng2 49. a4 Kf6 50. a5 1-0

[Event "Moscow Open B 2014"]
[Site "Moscow RUS"]
[Date "2014.02.04"]
[Round "4.4"]
[White "Charochkina, Daria"]
[Black "Dogodkina, Julia"]
[Result "1-0"]
[WhiteTitle "WGM"]
[WhiteElo "2359"]
[BlackElo "2176"]
[WhiteFideId "4180917"]
[BlackFideId "24143375"]
[EventDate "2014.02.01"]

1. c4 Nf6 2. Nc3 e5 3. g3 c6 4. Nf3 e4 5. Nd4 Bc5 6. Nb3 Bb4 7. Bg2 d5 8. cxd5
cxd5 9. O-O Nc6 10. d3 Bf5 11. Bg5 Bxc3 12. bxc3 h6 13. Bxf6 Qxf6 14. dxe4 dxe4
15. Nc5 O-O 16. Nxb7 Qxc3 17. Nd6 Qe5 18. Nxf5 Qxf5 19. Qa4 Rac8 20. Bxe4 Qe6
21. Rac1 Ne5 22. Rxc8 Rxc8 23. Qxa7 f5 24. Bg2 f4 25. Qd4 f3 26. exf3 Nc6 27.
Qa4 Rb8 28. f4 Ne7 29. Qa5 Rb2 30. Re1 Re2 31. Rxe2 Qxe2 32. Qe5 Qd1+ 33. Bf1
Ng6 34. Qe8+ Kh7 35. f5 Nh4 36. Qe2 Nf3+ 37. Kg2 Ne1+ 38. Kh3 Qb1 39. Qh5 Nf3
40. Kg2 Nd2 41. Be2 Qxa2 42. f6 Qc2 43. Qd5 1-0

[Event "Moscow Open B 2014"]
[Site "Moscow RUS"]
[Date "2014.02.04"]
[Round "4.5"]
[White "Bodnaruk, Anastasia"]
[Black "Bivol, Alina"]
[Result "1-0"]
[WhiteTitle "IM"]
[BlackTitle "WIM"]
[WhiteElo "2452"]
[BlackElo "2238"]
[WhiteFideId "4181751"]
[BlackFideId "4100123"]
[EventDate "2014.02.01"]

1. e4 e6 2. d4 d5 3. Nc3 Bb4 4. e5 Ne7 5. a3 Bxc3+ 6. bxc3 c5 7. h4 Qc7 8. Rh3
Nbc6 9. h5 h6 10. Nf3 Bd7 11. Rb1 Rc8 12. Nh4 Na5 13. Qg4 cxd4 14. Qxg7 Rg8 15.
Qf6 Nac6 16. Bf4 dxc3 17. Rg3 Nd4 18. Bd3 Rxg3 19. Bxg3 Ba4 20. Qh8+ Kd7 21. Qh7
b5 22. Nf3 Qc5 23. Nxd4 Qxd4 24. Qxh6 Rg8 25. Qf4 Qxf4 26. Bxf4 Rxg2 27. Ke2 Rg4
28. Bg3 Nf5 29. Bxf5 exf5 30. h6 Bxc2 31. h7 Bxb1 32. h8=Q c2 33. Qh6 Re4+ 34.
Kf3 Rc4 35. Qd6+ Ke8 36. e6 fxe6 37. Qxe6+ Kd8 38. Qxd5+ Kc8 39. Qxf5+ Kd8 40.
Qd5+ Kc8 41. Qf5+ Kd8 42. Bf4 c1=Q 43. Qg5+ 1-0

[Event "Moscow Open B 2014"]
[Site "Moscow RUS"]
[Date "2014.02.05"]
[Round "5.1"]
[White "Charochkina, Daria"]
[Black "Girya, Olga"]
[Result "1-0"]
[WhiteTitle "WGM"]
[BlackTitle "WGM"]
[WhiteElo "2359"]
[BlackElo "2438"]
[WhiteFideId "4180917"]
[BlackFideId "4195752"]
[EventDate "2014.02.01"]

1. e4 c5 2. Nf3 e6 3. d4 cxd4 4. Nxd4 Nc6 5. Nc3 Qc7 6. Ndb5 Qb8 7. Be3 a6 8.
Bb6 axb5 9. Nxb5 Bb4+ 10. c3 Ba5 11. Nc7+ Qxc7 12. Bxc7 Bxc7 13. Qg4 Be5 14. f4
Nf6 15. Qf3 Bc7 16. Bd3 e5 17. f5 Ne7 18. g4 h6 19. h4 d5 20. exd5 e4 21. Bxe4
h5 22. g5 Nxe4 23. Qxe4 Bxf5 24. Qb4 O-O-O 25. O-O Nxd5 26. Qc5 Be6 27. c4 Nb6
28. Rae1 Kb8 29. g6 Bxc4 30. Rxf7 Bxf7 31. gxf7 Nc8 32. Qg5 Rhf8 33. Qxg7 Nd6
34. Re7 Nc8 35. Rd7 Bd6 36. Rxd8 Rxd8 37. Qg5 Rf8 38. Qxh5 Nb6 39. Qf5 Kc7 40.
h5 Nd7 41. h6 Ne5 42. h7 Nxf7 43. Qxf7+ Rxf7 44. h8=Q Rf4 45. Qc3+ Kd7 46. Qa5
Kc6 47. Kg2 b6 48. Qa8+ Kc7 49. a3 Rf5 50. Qa7+ Kc6 51. Qa4+ Kc7 52. Qc4+ Rc5
53. Qf7+ Kb8 54. Kf3 Re5 55. Qd7 Bc7 56. Qc6 Re7 57. b4 Re5 58. a4 Rg5 59. Ke3
Rg3+ 60. Kd4 Rg4+ 61. Kc3 Rf4 62. Qb5 Re4 63. Qa6 Be5+ 64. Kb3 Bc7 65. Qd3 Rg4
66. Qd7 Rg5 67. Qe8+ Kb7 68. Qe4+ Kb8 69. Kc4 Re5 70. Qc6 Rg5 71. Qf6 Re5 72.
Qg6 Kb7 73. Kd4 Kb8 74. a5 bxa5 75. b5 Re7 76. Kc5 Re1 77. b6 Rc1+ 78. Kb5 Rc3
79. Ka6 Bf4 80. Qe8+ Rc8 81. Qd7 1-0